00708 a2200157 450000500170000002000180001708200140003524500610004926000380011030000650014870000300021394200130024399900150025695201370027195201420040820250514143841.0 a0-7619-9441-6 a658.3 SAI aHuman Resource Management: Perspectives for the New Era. aNew Delhi,bResponse Book,c2000. a370p.: ill.; tablebBibliographical Reference & Indexc21cm. aSAINI, D. S & KHAN, S. A. 2ddccBKS c2268d2268 r2025-05-14 14:41:58l0o658.3 SAIp0000008704v647550.00w2025-05-14yBKS102ddc407000aCBEMLbCBEMLcGENd2011-04-08g215850.00 r2025-06-02 16:16:55l0o658.3 SAIp00000010667v647550.00w2025-06-02yBKS102ddc407000aCBEMLbCBEMLcSPECIALd2011-04-08g215850.00